Technologický projekt - časť Procesy a technologické čistenie odpadových vôd
Salvato in:
| Autore principale: | |
|---|---|
| Altri autori: | |
| Natura: | Libro |
| Lingua: | slovacco |
| Pubblicazione: |
Bratislava
STU FCHPT Odd.environmentálneho inžinierstva
2007
|
| Soggetti: | |
| Accesso online: | Visualizza in OPAC |
| Tags: |
Nessun Tag, puoi essere il primo ad aggiungerne!!
|
MARC
| LEADER | 00000nam a2200000 a 4500 | ||
|---|---|---|---|
| 005 | 20260127134013.0 | ||
| 008 | 071011 2007 xo 000 0 slo d | ||
| 020 | |a 9788089088577 | ||
| 035 | |a vtls009148862 | ||
| 039 | 9 | |a 201607221316 |b AUTHORITY |c 201607221314 |d AUTHORITY |c 201607221300 |d AUTHORITY |y 200710111023 |z mschk02 | |
| 040 | |a STUSCHK1 |b slo |c STUSCHK1 |e AACR2 | ||
| 080 | |a 628.32(075.8) | ||
| 100 | 1 | |a Drtil, Miloslav |9 1153 | |
| 245 | 1 | |a Technologický projekt - |b časť Procesy a technologické čistenie odpadových vôd |c Miloslav Drtil, Miroslav Hutňan | |
| 260 | |a Bratislava |b STU FCHPT Odd.environmentálneho inžinierstva |c 2007 | ||
| 300 | |a 214 s. |b il. |c 24 cm | ||
| 650 | 0 | |a odpadové vody | |
| 700 | 1 | |a Hutňan, Miroslav |9 179 | |
| 910 | |a SCHK95 | ||
| 919 | |a 978-80-89088-57-7 | ||
| 999 | |c 1918 |d 1918 | ||